Juvenile Court in a Changing Society (Record no. 1190765)

MARC details
000 -LEADER
fixed length control field 00728nam a2200253Ia 4500
003 - CONTROL NUMBER IDENTIFIER
control field OSt
005 - DATE AND TIME OF LATEST TRANSACTION
control field 20221007110456.0
008 - FIXED-LENGTH DATA ELEMENTS--GENERAL INFORMATION
fixed length control field 221006b |||||||| |||| 00| 0 eng d
020 ## - INTERNATIONAL STANDARD BOOK NUMBER
International Standard Book Number 0297766562
037 ## - SOURCE OF ACQUISITION
Terms of availability Textual
040 ## - CATALOGING SOURCE
Original cataloging agency LCO
Transcribing agency LCO
Language of cataloging eng
041 ## - LANGUAGE CODE
Source of code eng
Language code of text/sound track or separate title eng
100 ## - MAIN ENTRY--PERSONAL NAME
Personal name Reifen David
9 (RLIN) 707541
245 #0 - TITLE STATEMENT
Title Juvenile Court in a Changing Society
Remainder of title Young offenders in Israel
260 ## - PUBLICATION, DISTRIBUTION, ETC.
Place of publication, distribution, etc. London
Name of publisher, distributor, etc. Weidenfeld and Nicolson U.K.
Date of publication, distribution, etc. 1972
300 ## - PHYSICAL DESCRIPTION
Extent 214
650 ## - SUBJECT ADDED ENTRY--TOPICAL TERM
Topical term or geographic name entry element JUVENILE COURT
9 (RLIN) 685562
942 ## - ADDED ENTRY ELEMENTS (KOHA)
Classification part Y11:45 0bZ4653,8, L2
Koha item type Textual
Holdings
Withdrawn status Lost status Damaged status Not for loan Home library Current library Date acquired Total Checkouts Full call number Barcode Date last seen Price effective from Koha item type
        Law Centre-I Library Law Centre-I Library 2022-10-07   Y11:45 0bZ4653,8 L2 LO0008646 2022-10-07 2022-10-07 Textual
Copyright @ Delhi University Library System